000 00831nam a2200253Ia 4500
003 OSt
005 20220923213715.0
006 a|||||r|||| 00| 0
007 ta
008 220922b |||||||| |||| 00| 0 hin d
024 _a164,160
037 _cTextual
040 _aARTS
_cARTS
_bhin
041 _2hin
_ahin
082 _aO152,1N2:g, K9
100 _aमाथुर, सुरेन्द्र
245 0 _aकाव्य बिम्ब और छायावाद
246 _aKāvya bimba aur chhāyāvāda
260 _aदिल्ली
_b ज्ञान भारती
_c1969
300 _a195 पृ.
_ccm.
650 _aहिन्दी साहित्य
_9156264
942 _hO152,1N2:g, K9
_cTEXL
_2CC
999 _c318640
_d318640